| 000 | 00394nam a2200145 a 4500 | ||
|---|---|---|---|
| 001 | 5683 | ||
| 003 | CDMR | ||
| 005 | 20151016124801.0 | ||
| 008 | 130130s ||||||||||||||||||||||||||||d | ||
| 040 |
_aCDMR _bcat _cCPC GIRONA |
||
| 110 | 1 |
_9133 _aCol·legi de Periodistes de Catalunya |
|
| 245 | 1 | 0 | _aQuè és el CPC? |
| 260 |
_bCol·legi de Periodistes de Catalunya _a[s.l.] _c[s.d.] |
||
| 942 |
_cMON _2udc |
||
| 999 |
_c5683 _d5683 |
||